Statistiken für Länder Afrikas Quiz

Klicken Sie hier um das Quiz zu spielen!

Allgemein

  • Dieses Quiz wurde 241.175 mal gespielt
  • Das Durchschnittsergebnis liegt bei 39 aus 54

Antworten auf der Karte

Die Antworten werden auf der Karte rot bzw. grün angezeigt, abhängig davon wie oft sie richtig erraten wurden.
 

Antwortstatistiken

Land% Korrekt
Ägypten
97%
Südafrika
97%
Marokko
94%
Niger
93%
Kongo
(Dem. Rep.)
92%
Kongo (Rep.)
92%
Madagaskar
92%
Algerien
91%
Nigeria
90%
Tunesien
87%
Sudan
86%
Elfenbeinküste
84%
Ghana
84%
Libyen
83%
Somalia
81%
Südsudan
81%
Mali
80%
Äthiopien
79%
Kenia
79%
Namibia
79%
Togo
77%
Senegal
75%
Tschad
75%
Angola
74%
Guinea
73%
Eritrea
72%
Tansania
72%
Zentralafrikanische
Republik
72%
Kamerun
71%
Uganda
71%
Mauretanien
69%
Simbabwe
67%
Botswana
66%
Lesotho
66%
Sambia
65%
Gambia
64%
Mosambik
64%
Ruanda
64%
Benin
63%
Burkina Faso
62%
Kap Verde
62%
Seychellen
62%
Eswatini
61%
Liberia
61%
Äquatorial-
Guinea
60%
Mauritius
59%
Gabun
58%
Guinea-Bissau
58%
Dschibuti
57%
Malawi
57%
Burundi
56%
Sierra Leone
56%
Komoren
49%
São Tomé und
Príncipe
47%

Verteilung der Resultate

Perzentil nach korrekt beantworteten Fragen

Anzahl Personen mit jedem Resultat

Ihre Resultats-Entwicklung

Sie haben dieses Quiz noch nicht gespielt